000 01042nam a22002297a 4500
005 20250917085855.0
008 240228b ||||| |||| 00| 0 eng d
082 _aDPer 621.317 Ie21 June 2022 v. 37 n. 6
100 _aZhang, Chao.
_eauthor.
_953664
245 _aWBG and Si hybrid half-bridge power processing toward optimal efficiency, power quality, and cost tradeoff /
_cChao Zhang, Jun Wang, Kun Qu, Bo Hu, Zongjian Li, Xin Yin, and Z. John Shen.
260 _aNew York ;
_bThe Institute of Electrical and Electronics Engineers, Inc. ,
_cJune 2022.
300 _aVolume 37, pages 6844-6856 :
_billustration ;
_c29 cm.
521 _aIEEE Transactions on Power Electronics, vol. 37, no. 6, pages 6844-6856, June 2022.
700 _aZhang, Chao.
_eauthor.
_953664
700 _aWang, Jun.
_eauthor.
_953665
700 _aQu, Kun.
_eauthor.
_953666
700 _aHu, Bo.
_eauthor.
_953667
700 _aLi, Zongjian.
_eauthor.
_953668
700 _aYin, Xin.
_eauthor.
_953669
700 _aShen, Z. John.
_eauthor.
_953670
942 _2ddc
_cPER
999 _c19433
_d19433